Hardware security of neural networks
Salvato in:
| Autore principale: | |
|---|---|
| Altri autori: | |
| Natura: | Manoscritto Libro |
| Lingua: | slovacco inglese |
| Pubblicazione: |
2025
|
| Soggetti: | |
| Accesso online: | http://is.stuba.sk/zp/portal_zp.pl?podrobnosti_zp=101611 |
| Tags: |
Nessun Tag, puoi essere il primo ad aggiungerne!!
|
MARC
| LEADER | 00000ntm a22000003a 4500 | ||
|---|---|---|---|
| 001 | stuzp101611 | ||
| 003 | SK-STU | ||
| 005 | 20250524210307.2 | ||
| 007 | ta | ||
| 008 | 150427s2015----xo-----f-mn---000-0-slo-d | ||
| 040 | |a STU |b slo | ||
| 041 | 0 | |a eng | |
| 100 | 1 | |a Hou, Xiaolu |u 070400 |k Z2 |4 aut |U FIIT Fakulta informatiky a informačných technológií |T FIIT Ústav počítačového inžinierstva a aplikovanej informatiky |X 114118 |U I400 |Y 672 |7 114118 | |
| 242 | 0 | 1 | |a Hardvérová bezpečnosť neurónových sietí |y slo |
| 245 | 1 | 0 | |a Hardware security of neural networks |
| 260 | |c 2025 | ||
| 650 | 4 | |a hardvérová bezpečnosť |2 slo | |
| 650 | 4 | |a útoky postrannými kanálmi |2 slo | |
| 650 | 4 | |a chybové útoky |2 slo | |
| 650 | 4 | |a neurónové siete |2 slo | |
| 650 | 4 | |a informačná bezpečnosť |2 slo | |
| 650 | 4 | |a information security |2 eng | |
| 650 | 4 | |a hardware security |2 eng | |
| 650 | 4 | |a side-channel attacks |2 eng | |
| 650 | 4 | |a fault attacks |2 eng | |
| 650 | 4 | |a neural networks |2 eng | |
| 700 | 1 | |a , |4 ths |X null |7 null | |
| 856 | 4 | |u http://is.stuba.sk/zp/portal_zp.pl?podrobnosti_zp=101611 | |